000 00422nam a22001457a 4500
005 20240309114402.0
008 240309b ||||| |||| 00| 0 eng d
040 _cAL
041 _aeng
082 _223
_a639.2
_bFISH
100 _aLokeshnath B
_9153602
245 _aFishing Industry:
_bA Survey on Mechanised Fishing Vessels in and around Mangaore
260 _aMangalore
_bSt Aloysius College
_c1995
942 _2ddc
_cPRO
999 _c230179
_d230179